The Law of the sea : (Record no. 3815)

MARC details
000 -LEADER
fixed length control field 01456cam a2200325 a 4500
001 - CONTROL NUMBER
control field 1135305
003 - CONTROL NUMBER IDENTIFIER
control field OSt
005 - DATE AND TIME OF LATEST TRANSACTION
control field 20230704132530.0
008 - FIXED-LENGTH DATA ELEMENTS--GENERAL INFORMATION
fixed length control field 940630s1994 nyu b i000 0 eng d
010 ## - LIBRARY OF CONGRESS CONTROL NUMBER
LC control number 94198305
020 ## - INTERNATIONAL STANDARD BOOK NUMBER
International Standard Book Number 9211334691
035 ## - SYSTEM CONTROL NUMBER
System control number (OCoLC)30692358
040 ## - CATALOGING SOURCE
Original cataloging agency MoSU-L
Transcribing agency MoSU-L
Modifying agency DLC
042 ## - AUTHENTICATION CODE
Authentication code lccopycat
082 00 - DEWEY DECIMAL CLASSIFICATION NUMBER
Classification number 341.7
Item number UN
245 04 - TITLE STATEMENT
Title The Law of the sea :
Remainder of title marine scientific research : legislative history of Article 246 of the United Nations Convention on the Law of the Sea.
260 ## - PUBLICATION, DISTRIBUTION, ETC. (IMPRINT)
Place of publication, distribution, etc. New York :
Name of publisher, distributor, etc. United Nations,
Date of publication, distribution, etc. 1994.
300 ## - PHYSICAL DESCRIPTION
Extent vii, 180 p. ;
Dimensions 28 cm.
500 ## - GENERAL NOTE
General note At head of title: Division for Ocean Affairs and the Law of the Sea, Office of Legal Affairs.
500 ## - GENERAL NOTE
General note "United Nations publication sales no. E.94.V.9"--T.p. verso.
504 ## - BIBLIOGRAPHY, ETC. NOTE
Bibliography, etc Includes bibliographical references (p. 168-180).
630 00 - SUBJECT ADDED ENTRY--UNIFORM TITLE
Uniform title United Nations Convention on the Law of the Sea
Date of treaty signing (1982 December 10).
Number of part/section of a work Article 246,
Name of part/section of a work Marine Scientific Research in the Exclusive Economic Zone and on the Continental Shelf.
650 #0 - SUBJECT ADDED ENTRY--TOPICAL TERM
Topical term or geographic name as entry element Marine sciences
General subdivision Research
-- Law and legislation.
650 #0 - SUBJECT ADDED ENTRY--TOPICAL TERM
Topical term or geographic name as entry element Oceanography
General subdivision Research
-- Law and legislation.
650 #0 - SUBJECT ADDED ENTRY--TOPICAL TERM
Topical term or geographic name as entry element Economic zones (Law of the sea)
710 2# - ADDED ENTRY--CORPORATE NAME
Corporate name or jurisdiction name as entry element United Nations.
Subordinate unit Division for Ocean Affairs and the Law of the Sea.
906 ## - LOCAL DATA ELEMENT F, LDF (RLIN)
a 7
b cbc
c copycat
d 2
e ncip
f 19
g y-gencatlg
942 ## - ADDED ENTRY ELEMENTS (KOHA)
Source of classification or shelving scheme Dewey Decimal Classification
Koha item type Books
Holdings
Withdrawn status Lost status Source of classification or shelving scheme Damaged status Not for loan Home library Current library Date acquired Total Checkouts Full call number Barcode Date last seen Price effective from Koha item type
    Dewey Decimal Classification     County Hall Archives County Hall Archives 07/04/2023   341.7 UN 10009481 07/04/2023 07/04/2023 Books
LIBRARY OPENING HOURS

When the Parliament is sitting: 8.00a.m - 7.00p.m or until the house adjourns
Mondays and Fridays and when the House is on Recess:  8.00a.m - 5.00p.m
Closed on Weekends and Public Holidays

Online Public Access Catalog (OPAC)
Website: http://www.parliament.go.ke
Bunge Library: https://libraryir.parliament.go.ke
Contact: library@parliament.go.ke | Tel no: (254-2)2221291 or 2848000 Ext 5043